| 000 | 00889nam a22002537a 4500 | ||
|---|---|---|---|
| 999 |
_c20730 _d20730 |
||
| 003 | AR-CdUCM | ||
| 008 | 190604b ||||| |||| 00| 0 spa d | ||
| 040 |
_aMUNICIPALIDAD PROVINCIAL DEL CUSCO _cBIBLIOTECA MUNICIPAL DEL CUSCO |
||
| 041 | _hita | ||
| 082 |
_a927.8 / _bR79 |
||
| 100 |
_aRolland, Romain _910292 |
||
| 245 |
_aBeethoven las grandes épocas creadora : _b II de la Heroíca a la Appassionata / |
||
| 260 |
_aParís : _bEdit. Literarias, _c1929. |
||
| 300 |
_a234 - 394 páginas ; _bMúsica, _c19 cm. |
||
| 440 |
_a2 _910802 |
||
| 500 | _aTomo segundo | ||
| 505 | _aContenido: t.2: Leonora -- Advertencia al lector -- La sordera de Beethoven... | ||
| 650 |
_aMusica _91443 |
||
| 650 |
_aBeethoven, Ludwig van, 1770-1827. _943294 |
||
| 650 |
_aArte y Literatura _97783 |
||
| 700 |
_aTraducción: Barroso, Mateo H. _943295 |
||
| 942 |
_2ddc _cLIBROS |
||
| 945 | _aJavier | ||